Kedy sa bude dobre chodiť po Malokarpatskej vínnej ceste?
Znovuoživenie činnosti združenia Malokarpatskej vínnej cesty. Kroky zamerané na riešenie problémov v oblasti cestovného ruchu. Spolupráca združenia s Malokarpatským osvetovým strediskom v Pezinku. Zahrnutie vidieckeho turizmu do hlavnej náplne osvetového strediska v Pezinku. Oživovanie tradícií malo...
Gespeichert in:
| 1. Verfasser: | |
|---|---|
| Format: | Buchkapitel |
| Sprache: | Slowakisch |
| Schlagworte: | |
| Tags: |
Keine Tags, Fügen Sie das erste Tag hinzu!
|
MARC
| LEADER | 00000naa a2200000 4500 | ||
|---|---|---|---|
| 001 | r027694 | ||
| 005 | 20230824093408.1 | ||
| 041 | 0 | |a slo | |
| 044 | |a SK | ||
| 245 | 1 | 0 | |a Kedy sa bude dobre chodiť po Malokarpatskej vínnej ceste? |c L. Oujezdská |
| 520 | |a Znovuoživenie činnosti združenia Malokarpatskej vínnej cesty. Kroky zamerané na riešenie problémov v oblasti cestovného ruchu. Spolupráca združenia s Malokarpatským osvetovým strediskom v Pezinku. Zahrnutie vidieckeho turizmu do hlavnej náplne osvetového strediska v Pezinku. Oživovanie tradícií malokarpatského regiónu. Združenie pezinských vinohradníkov a vinárov. | ||
| 610 | 2 | 0 | |a združenia občianske |
| 610 | 2 | 0 | |a Malokarpatská vínna cesta |
| 610 | 2 | 0 | |a regióny |
| 610 | 2 | 0 | |a Slovensko |
| 610 | 2 | 0 | |a kultúra |
| 610 | 2 | 0 | |a ruch cestovný |
| 610 | 2 | 0 | |a turistika |
| 610 | 2 | 0 | |a Modra |
| 610 | 2 | 0 | |a Pezinok |
| 610 | 2 | 0 | |a rozvoj regionálny |
| 100 | 1 | |a Oujezdská, L. | |